Countries with the Busiest Container Ports - Statistics

General Stats
  • This quiz has been taken 37 times
  • The average score is 21 of 25
Answer Stats
TEUs (in millions) Country % Correct
9.9 United States
100%
47.3 China
97%
7.2 Indonesia
94%
4.4 Japan
94%
14.5 Netherlands
94%
5.0 Brazil
91%
8.3 Germany
91%
6.5 India
91%
13.2 Malaysia
91%
37.3 Singapore
91%
22.1 South Korea
91%
5.1 Spain
91%
7.9 Vietnam
91%
5.5 Philippines
88%
5.0 Saudi Arabia
88%
4.3 Egypt
85%
5.0 Greece
85%
9.5 Taiwan
85%
8.7 Thailand
85%
14.0 United Arab Emirates
85%
7.6 Morocco
76%
13.5 Belgium
73%
4.5 Oman
70%
5.1 Panama
58%
6.9 Sri Lanka
58%
No matching quizzes found
Score Distribution
Percent of People with Each Score
Percentile by Number Answered
Your Score History
You have not taken this quiz